000
00372nam a2200145Ia 4500
008
090122s9999 xx 000 0 und d
082
_b
10077
100
_a
गस्ती
_b
भीमराव
245
_a
आक्रोश
600
_a
गस्ती
630
_a
आक्रोश
700
_a
गस्ती
730
_a
आक्रोश
942
_c
BOOK
999
_c
34154
_d
34154